00349nam a22000857a 4500008004100000245011200041260005800153300002900211650002300240200331b ||||| |||| 00| 0 eng d aEmployment and Earnings Survey 2012:bAnalytical Report Tanzania Mainland/cMinistry of Finance.-hEnglish. aDar Es Salaam:bNational Bureau of Statistics,c2013. ax, 37p;bTables,c30cm.- 2EMPLOYMENT SURVEYS